| 000 | 00647nam a2200205 i 4500 | ||
|---|---|---|---|
| 001 | 12773 | ||
| 003 | ES-MaACL | ||
| 005 | 20230906150408.0 | ||
| 007 | t| | ||
| 008 | 921221s1992 sp a |||| | spa d | ||
| 020 | _a84-88392-01-X | ||
| 080 | _a821.134.2-14"16" | ||
| 100 | 1 |
_aEnríquez Gómez, Antonio, _d1600-1663 _947290 |
|
| 245 | 1 | 0 |
_aSonetos, romances y otros poemas / _cAntonio Enríquez Gómez ; edición de Antonio Lázaro. |
| 260 |
_aCuenca : _bAlcaná Libros, _c1992. |
||
| 300 |
_a235 p. : _bil. ; _c19 cm. |
||
| 700 | 0 |
_aLázaro Cebrián, Antonio, _d1956- _970799 |
|
| 852 |
_aES-MaACL _jL-19944 |
||
| 999 |
_c12773 _d12773 |
||